| 000 | 00970nam a22001697a 4500 | ||
|---|---|---|---|
| 003 | SPCLIB | ||
| 005 | 20260428095937.0 | ||
| 008 | 260428b |||||||| |||| 00| 0 eng d | ||
| 040 | _c.. | ||
| 100 | _aYburan, Jedifel M. | ||
| 245 |
_aWORK-LIFE BALANCE AND TEACHING COMPETENCE AMONG PRIVATE SCHOOL TEACHERS _cJedifel M. Yburan |
||
| 260 | _c2025. | ||
| 300 |
_a131 pages: _bcolored illustration: |
||
| 520 | _aHealthy work-life balance is essential for teachers' effectiveness, yet the impact of this balance on teaching competence, particularly for private Senior High School (SHS) educators, has been insufficiently explored. This research examined how work-life balance related to teaching competence among private SHS teachers in Cagayan de Oro City. | ||
| 650 |
_2WORK-LIFE BALANCE AND TEACHING COMPETENCE AMONG PRIVATE SCHOOL TEACHERS _aWORK-LIFE BALANCE AND TEACHING COMPETENCE AMONG PRIVATE SCHOOL TEACHERS-PHILIPPINES |
||
| 942 |
_cBOOKS _iTHESES BOOK _2ddc |
||
| 999 |
_c92 _d92 |
||